000 01875nam a2200397 a 4500
001 ebr10023476
003 CaPaEBR
006 m u
007 cr cn|||||||||
008 020605s2002 ne a sb 001 0 eng d
010 _z 2002074704
020 _z1588112470 (U.S. : v. 2)
020 _z1588113167 (U.S. set)
020 _z9027247374 (Eur.)
040 _aCaPaEBR
_cCaPaEBR
035 _a(OCoLC)243489128
050 1 4 _aP123
_b.M38 2002eb
082 0 4 _a410
_221
245 0 0 _aMathematics and computability of language
_h[electronic resource] :
_blanguage and information into the 21st century /
_cedited by Bruce E. Nevin, Stephen B. Jonson.
260 _aAmsterdam ;
_aPhiladelphia :
_bJ. Benjamins Pub. Co.,
_cc2002.
300 _axviii, 312 p. :
_bill.
490 0 _aAmsterdam studies in the theory and history of linguistic science, Series IV, Current issues in linguistic theory,
_x0304-0763 ; ;
_vv. 229
490 1 _aCurrent issues in linguistic theory
490 0 _aThe Legacy of Zellig Harris ;
_vv.2
504 _a"Zellig Sabbettai Harris : a comprehensive bibliography of his writings, 1932-2002", p. [293]-304.
504 _aIncludes bibliographical references and indexes.
533 _aElectronic reproduction.
_bPalo Alto, Calif. :
_cebrary,
_d2011.
_nAvailable via World Wide Web.
_nAccess may be limited to ebrary affiliated libraries.
600 1 0 _aHarris, Zellig S.
_q(Zellig Sabbettai),
_d1909-1992.
650 0 _aLinguistics.
655 7 _aElectronic books.
_2local
700 1 _aJohnson, Stephen M.
700 1 _aNevin, Bruce E.
710 2 _aebrary, Inc.
830 0 _aAmsterdam studies in the theory and history of linguistic science.
_nSeries IV,
_pCurrent issues in linguistic theory.
856 4 0 _uhttp://site.ebrary.com/lib/rucke/Doc?id=10023476
_zAn electronic book accessible through the World Wide Web; click to view
999 _c22641
_d22641